000
00284cam a2200121ua 4500
999
_c
8431
_d
8431
082
_a
891.54
_b
PRE/UT
100
_a
Premanand, Patel .
_9
3124
245
_a
Uthar druv se ganga /
250
_a
1 /
260
_a
Delhi :
_b
Rajkamal Prakashan ,
_c
1960.
300
_a
190 ; .
942
_c
BK